000
00261 a2200133 4500
001
194774
040
_c
Magnum
100
_a
Alves, Castro
240
1
0
_a
Os escravos
_l
por
245
1
0
_a
Os escravos
300
_a
97
697
_a
LITERATURA GERAL
942
_c
BK
999
_c
194774
_d
194774